<?xml version="1.0" encoding="UTF-8"?>
<collection xmlns:xsi="http://www.w3.org/2001/XMLSchema-instance" xsi:schemaLocation="http://www.loc.gov/MARC21/slim http://www.loc.gov/standards/marcxml/schema/MARC21slim.xsd" xmlns="http://www.loc.gov/MARC21/slim">
 <record>
  <leader>00000cam a22000004i 4500</leader>
  <controlfield tag="001">UP-1685594773861985614</controlfield>
  <controlfield tag="003">Buklod</controlfield>
  <controlfield tag="005">20150224070104.0</controlfield>
  <controlfield tag="006">g||| |     ||   ||</controlfield>
  <controlfield tag="007">ta</controlfield>
  <controlfield tag="008">150318s2006    xx a    r    |000 0|fil d</controlfield>
  <datafield tag="020" ind1=" " ind2=" ">
   <subfield code="a">9789715063968</subfield>
  </datafield>
  <datafield tag="035" ind1=" " ind2=" ">
   <subfield code="a">(iLib)UPBAG-00016254060</subfield>
  </datafield>
  <datafield tag="040" ind1=" " ind2=" ">
   <subfield code="a">DCFA</subfield>
   <subfield code="d">BAG</subfield>
   <subfield code="e">rda</subfield>
  </datafield>
  <datafield tag="041" ind1="0" ind2=" ">
   <subfield code="a">fil</subfield>
  </datafield>
  <datafield tag="090" ind1=" " ind2="0">
   <subfield code="a">DS 689 A64</subfield>
   <subfield code="b">R824 2006</subfield>
  </datafield>
  <datafield tag="100" ind1="1" ind2=" ">
   <subfield code="a">Rubin, Ligaya G. Tiamson</subfield>
   <subfield code="e">author.</subfield>
  </datafield>
  <datafield tag="245" ind1="1" ind2="0">
   <subfield code="a">Dangal ng Angono</subfield>
   <subfield code="c">Ligaya G. Tiamson Rubin ; mga patnugot, Lilibeth R. Oblena, Patnubay B. Tiamson.</subfield>
  </datafield>
  <datafield tag="264" ind1=" " ind2="1">
   <subfield code="a">Manila</subfield>
   <subfield code="b">Published and printed by UST Publishing House</subfield>
   <subfield code="c">c2006.</subfield>
  </datafield>
  <datafield tag="300" ind1=" " ind2=" ">
   <subfield code="a">xxii, 221 pages</subfield>
   <subfield code="b">illustrations</subfield>
   <subfield code="c">23 cm</subfield>
  </datafield>
  <datafield tag="336" ind1=" " ind2=" ">
   <subfield code="a">text</subfield>
   <subfield code="2">rdacontent</subfield>
  </datafield>
  <datafield tag="337" ind1=" " ind2=" ">
   <subfield code="a">unmediated</subfield>
   <subfield code="2">rdamedia</subfield>
  </datafield>
  <datafield tag="338" ind1=" " ind2=" ">
   <subfield code="a">volume</subfield>
   <subfield code="2">rdacarrier</subfield>
  </datafield>
  <datafield tag="500" ind1=" " ind2=" ">
   <subfield code="a">On cover: &quot;Book 1&quot;</subfield>
  </datafield>
  <datafield tag="505" ind1="0" ind2=" ">
   <subfield code="a">Pamilya Blanco : Pioneer ng Angono sa larangan ng visual arts / Gerardo V. Calderon -- Introduksyon / Vina V. Paz -- katututubong kulay sa sining ni maestro Jose &quot;Pitok&quot; V. Blanco at ng kanyang pamilya -- Glenn P. Blanco : pinakamalaking inspirasyon ng pamilya -- Noel P. Blanco : tagapaglarawan ng mga senaryo ng katubigan -- Michael P. Blanco : nakatuon sa pagpipinta ng iba't ibang aspekto ng kultura ng lupang tinubuan -- Joy Blanco Balcita : nasa sining ang tunay na tadhana -- Jan P. Blanco : mga ibon ang inspirasyon sa walang humpay na paglikha -- Gay Blanco Causapin : pintor na tagapagpahayag ng saloobin ng kababaihan -- Peter Paul P. Blanco : ang bunso sa bantog na Blanco family sa Angono -- ang sining ni sining / Gemma Yozon -- Blanco : the family of artists / Alice G. Guillermo -- profile ng pamilya Blanco.</subfield>
  </datafield>
  <datafield tag="600" ind1="0" ind2="0">
   <subfield code="a">Blanco, Jose V.</subfield>
   <subfield code="x">Family.</subfield>
  </datafield>
  <datafield tag="650" ind1=" " ind2="0">
   <subfield code="a">Artists</subfield>
   <subfield code="z">Philippines</subfield>
   <subfield code="z">Angono (Rizal).</subfield>
  </datafield>
  <datafield tag="651" ind1=" " ind2="0">
   <subfield code="a">Angono (Rizal)</subfield>
   <subfield code="v">Biography.</subfield>
  </datafield>
  <datafield tag="700" ind1="1" ind2=" ">
   <subfield code="a">Oblena, Lilibeth R.</subfield>
   <subfield code="e">patnugot.</subfield>
  </datafield>
  <datafield tag="700" ind1="1" ind2=" ">
   <subfield code="a">Tiamson, Patnubay B.</subfield>
   <subfield code="e">patnugot.</subfield>
  </datafield>
  <datafield tag="905" ind1=" " ind2=" ">
   <subfield code="a">FI</subfield>
  </datafield>
  <datafield tag="852" ind1="0" ind2=" ">
   <subfield code="a">UPBAG</subfield>
   <subfield code="b">UPBAG-MAIN</subfield>
   <subfield code="h">DS 689 A64 R824 2006</subfield>
  </datafield>
  <datafield tag="942" ind1=" " ind2=" ">
   <subfield code="a">Book</subfield>
  </datafield>
 </record>
</collection>
